1657 1146 1789 1036 1075 1886 1990 1898 1977 1187 1703 1083 1354 1332 1097 1479 1496 1297 1252 1257 1241 1715 1895 1229 1356 1637 1375 1478 1467 1056 1574 1320 1160 1354 1951 1741 1753 1422 1067 1518 1068 1481 1876 1172 1770 1909 1763 1413 1846 1335 1377 1988 1531 1777 1061 1021 1451 1573 1462 1670 1974 1575 1807 1660 1754 1449 1071 1260 1847 1201 1332 1037 1726 1109 1356 1418 1358 1066 1981 1819 1722 1865 1703 1395 1162 1457 1819 1277 1105 1732 1166 1793 1143 1691 1586 1858 1776 1100 1848 BCNSPRNW ULIB Ver.6.0+V

เปลี่ยนเป็นภาษาไทย

Change to English
 แสดงรายละเอียดบรรณานุกรม
  กลับหน้าหลัก

Brief Record : Get Marc (ISO 2709) : E-mail record : QR code < ปิดหน้าต่าง
LEADER : 00000nam 2200000uu 4500
001    13399123218
003     ULIB
008    020711s2551 th a 000 0 tha d
020    9789748458342
090    นว.^bร111ล
100    รัมย์
245    เล่ห์รักตามหลักแสบ /^cรัมย์
250    พิมพ์ครั้งที่ 1
260    กรุงเทพฯ :^b1168พับลิชชิ่ง,^c2551
300    190 หน้า;^b21 ซม.
710    1168พับลิชชิ่ง
945    ^p149^l0^i20354
999    ^aทศพร เกษรทอง
รายการนี้ยังไม่มีแท็ก
คุณยังไม่ได้ล็อกอิน คุณสามารถมีกิจกรรมร่วมกับเว็บไซต์ได้ แต่ต้องล็อกอินก่อน ::
  ล็อกอิน

รายการสื่อสารสนเทศ

ลำดับที่ ประเภท เลขเรียก/บาร์โค้ด สถานที่ สถานะ
1. นวนิยาย
นวนิยาย
นว. ร111ล ฉ.1 
  Barcode: 20354
ห้องสมุดวิทยาเขตนครสวรรค์
►นวนิยาย:l:Fiction
บนชั้น

รายการใกล้เคียง
    ผู้แต่ง [รัมย์]

BibComment


ยังไม่เคยถูกคอมเมนท์

คอมเมนท์ทรัพยากรรายการนี้
  คอมเมนท์: เล่ห์รักตามหลักแส..


 Copyright 2026. Bcnsprnw @Library